Normal view
MARC view
- اختيار وشرح هارون، عبد السلام محمد
Entry Personal Name
001 - CONTROL NUMBER
- control field: 37608
003 - CONTROL NUMBER IDENTIFIER
- control field: JO-AjAnu
005 - DATE AND TIME OF LATEST TRANSACTION
- control field: 20230606080253.0
008 - FIXED-LENGTH DATA ELEMENTS
- fixed length control field: 230606|| aca||aabn | a|a d
040 ## - CATALOGING SOURCE
- Original cataloging agency: JO-AjAnu
- Transcribing agency: JO-AjAnu
100 ## - HEADING--PERSONAL NAME
- Personal name: اختيار وشرح هارون، عبد السلام محمد
670 ## - SOURCE DATA FOUND
- Source citation: Work cat.: (JO-AjAnu)19297: اختيار وشرح هارون، عبد السلام محمد, author, الألف المختارة من صحيح البخاري، ج9